00739nam a2200241 a 4500001001300000003000900013005001700022008004100039020001000080082001600090100002400106245002200130260004100152300000800193500003500201505006800236650002300304700002400327902000800351942000700359952011600366999001500482nice12345678IN_TiNIC20260116011539.0050524s0000 taba grp 000 0 per  ac10000a181.07bTUR aTurbati, Mohd Jawad aSadruddin Shirazi aTabriz(iran)bSaadi Book Depotc0000 a41p aincludes index and biblioraphy2 aAramaic Approach to the Four Gospels By Archdeacon Barkat Ullah aPhilosophy-Islamic1 aTurbati, Mohd Jawad bSRS cBK 001040708StackRoom-aHMIbHMId2007-03-16g100.00l0o181.07 TURp04684r2007-03-16v100.00w2005-05-24yBK c2524d2524